000 02239nam a22002777a 4500
999 _c62075
_d62075
003 Ge_BSU
005 20240703163913.0
008 240703s2019 ge ||||| |||| 00| 0 geo d
020 _a9789941297366
041 _ageo
080 _a338.22(075.8)+005.511(075.8)ო-76
100 _aოსტერვალდერი, ალექსანდერ, ავტორი.
_922694
245 _aროგორ შევქმნათ ბიზნესმოდელი :
_bსახელმძღვანელო მათთვის, ვინც ოცნებობს, ცვლის თამაშის წესებს და რთულ ამოცანებს ისახავს /
_cავტორები: ალექსანდერ ოსტერვალდერი და ივ პინიე ; რედაქტორი და დამხმარე თანაავტორი ტიმ კლარკი ; მთარგმნელი მარიამ ზალდასტანიშვილი ; რედ. ზურაბ აბაშიძე ; წინასიტყვაობა სოსო გალუმაშვილი ; დიზაინი ალან სმითი ; ყდის დიზაინი მიაკო ნადირაძე.
264 _aთბილისი :
_bპალიტრა L,
_c 2019.
300 _a281 გვ. :
_bილ. ;
_c19 სმ.
440 _aლურჯი ოკეანე
_913234
500 _aწიგნი გამოცემულია კომპანია "ჯეპრასთან" თანამშრომლობი
504 _aბიბლიოგრ.: გვ. 276.
653 _aბიზნესის დაგეგმვა
653 _aეკონომიკა
653 _aმენეჯმენტი
700 _aოსტერვალდერი,და ივ პინიე
_922695
700 _aზალდასტანიშვილი, მარიამ
_eმთარგმნელი
_922696
700 _aაბაშიძე,ზურაბ და სხვ
_eრედაქტორი
_922697
942 _2udc
_cᲬᲘᲒᲜᲘ